000 00467nam a2200169Ia 4500
008 240729s9999 xx 000 0 und d
022 _a2712-7508
245 0 _aBRICS Journal of Economics
260 _aBulgaria
260 _bPensoft Publishers
650 _a Economic theory. Demography
650 _a Economics as a science
650 _aSocial Sciences
856 _uhttps://doaj.org/toc/60b4f4cc708e40919bead0a34b4af5fc
942 _2ddc
942 _cDOAJEJ
999 _c73442
_d73442
945 _a1
_bMadushi Gamage
_c1
_dMadushi Gamage